Biggest Ethnic Groups by Country - Africa - Statistics

General Stats
  • This quiz has been taken 161 times
  • The average score is 21 of 54
Answer Stats
Country Answer % Correct
Algeria Arab / Berber
98%
Libya Arab / Berber
98%
Morocco Arab / Berber
98%
Tunisia Arab / Berber
98%
Egypt Arab
91%
Sudan Arab
91%
Djibouti Somali
78%
Somalia Somali
78%
Niger Hausa
66%
Nigeria Hausa
66%
Ethiopia Oromo
65%
Burundi Hutu
64%
Rwanda Hutu
64%
Botswana Tswana
62%
Lesotho Sotho
60%
Madagascar Malagasy
59%
Guinea Fula
56%
Guinea-Bissau Fula
56%
Eswatini Swazi
56%
D.R. Congo Kongo
53%
Republic of the Congo Kongo
53%
Senegal Wolof
50%
Eritrea Tigrayan
48%
Zimbabwe Shona
45%
Ghana Akan
44%
South Africa Black / Bantu
44%
Ivory Coast Akan
40%
Malawi Chewa
40%
South Sudan Dinka
27%
Equatorial Guinea Fang
25%
Gabon Fang / Nzebi
25%
Seychelles Seychellois Creole
24%
Kenya Kikuyu
23%
Togo Ewe
22%
Burkina Faso Mossi
21%
Gambia Mandinka
19%
Zambia Bemba
18%
Mali Mandé
18%
Benin Fon
14%
Sierra Leone Mende
11%
Angola Ovimbundu
11%
Chad Sara
10%
Comoros Comoran
8%
Liberia Kpelle
8%
Uganda Baganda
7%
Namibia Ovambo
7%
Tanzania Sukuma
7%
Mauritania Haratin
5%
Mauritius Indo-Mauritian
5%
Cape Verde Mulatto
5%
Mozambique Makua
4%
Central African Republic Gbaya / Mandjia
1%
Cameroon Highlanders
0%
São Tomé and Príncipe Luso-African
0%
No matching quizzes found
Score Distribution
Percent of People with Each Score
Percentile by Number Answered
Your Score History
You have not taken this quiz